000 00642nam a2200181 a 4500
001 000042926
005 20201002040514.0
008 140213s1991 ve a 000 0 spa d
020 _a9800301127
040 _aDO-SdBNP
_bspa
_cBNPHU
082 _axxx
_bxxx
100 1 _aConsuegra C., Jose
_970395
245 1 0 _aCarlos Andrés Pérez :
_bdiploancia directa /
_cJosé Consuegra C.
260 _aCaracas, Venezuela :
_bMinisterio de la Secretaría de la Presidencia de la República,
_c1991.
300 _a275 p. :
_bil. ;
_c21 cm.
500 _aIncluye datos biográficos del autor en la solapa de la cubierta
590 _aInventariado, 2020/MAA
999 _c42415
_d42415